| 000 | 00878nam a2200205Ia 4500 | ||
|---|---|---|---|
| 003 | OSt | ||
| 005 | 20240322092437.0 | ||
| 008 | 210210b2003 xxu||||| |||| 00| 0 eng d | ||
| 040 | _cAL | ||
| 041 | _aKannada | ||
| 082 | _aK894.8 MALS | ||
| 100 |
_aMALINI MALYA (B), Ed. _993202 _dಮಾಲಿನಿ ಮಲ್ಯ (ಬಿ) |
||
| 245 |
_aShivarama Karantara sahitya shreni: samputa 16 kadambari 15; mukajjiya kanasugalu;maimanagala suliyalli _bಶಿವರಾಮ ಕಾರಂತ ಸಾಹಿತ್ಯ ಶ್ರೇಣಿ : ಸಂಪುಟ ೧೬ , ಕಾದಂಬರಿ ೧೫ : ಮೂಕಜ್ಜಿಯ ಕನಸುಗಳು , ಮೈ ಮನಗಳ ಸುಳಿಯಲ್ಲಿ |
||
| 260 |
_aBengaluru. _bKannada Mattu Samskrathi Nirdeshanalaya., _c2003 |
||
| 300 | _ax,463 | ||
| 440 |
_a16 _993203 |
||
| 690 |
_aKannada Collections _993204 |
||
| 906 | _a060171 | ||
| 942 |
_2ddc _cBK |
||
| 999 |
_c107201 _d107201 |
||